Manual de recursos humanos y relaciones laborales en la empresa (Registro nro. 5162)

Detalles MARC
000 -LEADER
fixed length control field 01440 a2200253 4500
001 - CONTROL NUMBER
control field 53244
005 - DATE AND TIME OF LATEST TRANSACTION
control field 20260407155806.0
008 - FIXED-LENGTH DATA ELEMENTS--GENERAL INFORMATION
fixed length control field 260407a2020 arg spa d
003 - CONTROL NUMBER IDENTIFIER
control field AR-UNSa-BCEJYS
040 ## - CATALOGING SOURCE
Original cataloging agency AR-UNSa-BCEJYS
Language of cataloging spa
Transcribing agency AR-UNSa-BCEJYS
080 ## - UNIVERSAL DECIMAL CLASSIFICATION NUMBER
Universal Decimal Classification number 658.3
Common auxiliary subdivision Personal. Relaciones humanas en la empresa (Recursos Humanos)
020 ## - INTERNATIONAL STANDARD BOOK NUMBER
International Standard Book Number 978-987-01-2470-2
041 ## - LANGUAGE CODE
Language code of text/sound track or separate title spa
100 1# - MAIN ENTRY--PERSONAL NAME
Personal name Diego, Natalia Gimena de
245 10 - TITLE STATEMENT
Title Manual de recursos humanos y relaciones laborales en la empresa
250 ## - EDITION STATEMENT
Edition statement 2a. ed.
264 #1 - PRODUCTION, PUBLICATION, DISTRIBUTION, MANUFACTURE, AND COPYRIGHT NOTICE
Place of production, publication, distribution, manufacture Buenos Aires :
Name of producer, publisher, distributor, manufacturer Errepar
Date of production, publication, distribution, manufacture, or copyright notice 2020
300 ## - PHYSICAL DESCRIPTION
Extent xix, 329 p.
Dimensions 21 cm.
505 ## - FORMATTED CONTENTS NOTE
Formatted contents note 1. Nuevo enfoque en la dirección de RRHH – 2. Liderazgo y relaciones con empleados – 3. Relaciones laborales colectivas – 4. Asociaciones sindicales – 5. Encuadramiento – 6. Códigos de conducta y ética en las empresas – 7. Sanciones disciplinarias – 8. Fin de la relación laboral – 9. El avance tecnológico en las RRLL – 10. La huelga: aspectos legales y prácticos – 11. La negociación individual y colectiva – 12. Asesor laboral corporativo (reduciendo contingencias) – 13. Novedades y temas de actualidad – 14. Los nuevos desafíos laborales de los ejecutivos de RRHH.
590 ## - LOCAL NOTE (RLIN)
Local note niveau_biblio:m niveau_hierar:0
700 1# - ADDED ENTRY--PERSONAL NAME
Personal name Lanfranco, Leandro Augusto
856 41 - ELECTRONIC LOCATION AND ACCESS
Uniform Resource Identifier <a href="https://www.biblioeco.unsa.edu.ar/pmb/images/libros/L128389.jpg">https://www.biblioeco.unsa.edu.ar/pmb/images/libros/L128389.jpg</a>
Link text Imagen de portada
Electronic format type image/jpeg
942 ## - ADDED ENTRY ELEMENTS (KOHA)
Koha item type
Existencias
Withdrawn status Lost status Damaged status Not for loan Home library Current library Shelving location Date acquired Total checkouts Full call number Barcode Date last seen Price effective from Koha item type Public note
        Biblioteca Prof. Eusebio Cleto del Rey Biblioteca Prof. Eusebio Cleto del Rey   07/04/2026   658.3 D559 L128389 07/04/2026 07/04/2026 Libro  
        Biblioteca Prof. Eusebio Cleto del Rey Biblioteca Prof. Eusebio Cleto del Rey   07/04/2026   658.3 D559 L128390 07/04/2026 07/04/2026 Libro TRES PRIMERAS HOJAS HÙMEDAS